U.S. States by Hottest Recorded Temperature - Statistics

General Stats
  • This quiz has been taken 57,545 times
    32,998 since last reset
  • The average score is 7 of 10
Answer Stats
°F °C Year set State % Correct
130 54.4 2020 / 2021 California
98%
120 48.9 1936 / 1994 / 1998 Texas
98%
128 53.3 1994 Arizona
95%
122 50.0 1994 New Mexico
94%
125 51.7 1994 Nevada
91%
120 48.9 1936 Oklahoma
73%
121 49.4 1936 Kansas
64%
120 48.9 1936 Arkansas
55%
120 48.9 1936 / 2006 South Dakota
21%
120 48.9 1936 North Dakota
17%
No matching quizzes found
Score Distribution
Percent of People with Each Score
Percentile by Number Answered
Your Score History
You have not taken this quiz since the last reset